| 000 | 01358nam a2200409 i 4500 | ||
|---|---|---|---|
| 001 | 13644 | ||
| 003 | KOSZ 005 | ||
| 005 | 20240405063018.0 | ||
| 008 | 070707s1969 pl f f 000 0 pol | ||
| 015 | _aPB 1970/6144 | ||
| 040 |
_aWA N _cWA N _dKOSZ 005/RW |
||
| 080 | _a62(438) | ||
| 080 | _a66/69(438) | ||
| 080 | _a658.56(438) | ||
| 080 | _a338 | ||
| 100 | 1 |
_aSkibiński, Stanisław _d(1928-1973) _eAutor |
|
| 245 | 1 | 0 |
_aProblemy nowoczesności i jakości produkcji / _cStanisław Skibiński, Jerzy Siemianowicz. |
| 260 |
_aKatowice : _b"Śląsk", _c1969. |
||
| 300 |
_a128, [4] stron ; _c18 cm. |
||
| 336 |
_aTekst _btxt _2rdacontent |
||
| 337 |
_aBez urządzenia pośredniczącego _bn _2rdamedia |
||
| 338 |
_aWolumin _bnc _2rdacarrier |
||
| 380 | _aKsiążki. | ||
| 504 | _aBibliografia na stronach 127-[129]. | ||
| 658 | _aGospodarka, ekonomia, finanse | ||
| 648 | 4 | _a1901-2000 | |
| 651 | 4 | _aPolska | |
| 650 | 4 | _aPrzemysł | |
| 650 | 4 | _aEkonomika | |
| 650 | 4 | _aJakość produktu | |
| 648 | 4 | _a1945-1989 | |
| 650 | 4 | _aPostęp techniczny | |
| 700 | 1 |
_aSiemianowicz, Jerzy. _eAutor |
|
| 710 | 2 |
_aWydawnictwo "Śląsk" _4pbl. |
|
| 856 |
_uhttp://koha.tu.koszalin.pl/cgi-bin/koha/opac-detail.pl?biblionumber=13644 _yKatalog online BPK |
||
| 942 |
_2UKD _cKS |
||
| 999 |
_c13644 _d13644 |
||